000 00330pab a2200145 454500
008 180718b1989 xxu||||| |||| 00| 0 eng d
100 _aMukhopadhyay, Alok
245 _aRedefining Health Care
260 _c1989
300 _a26-8
362 _aMar.
650 _aHealth Services - India
773 _aSeminar
909 _a10084
999 _c10084
_d10084